000 00469nam a2200181Ia 4500
001 13700
005 20260306164820.0
008 260306t2019||||xx |||||||||||||| ||spa||
041 _aESP
082 _a005.133
_bC12
100 _aCaballero Roldán, Rafael
_eAUT
245 0 _aBig data con Python:
_brecolección, almacenamiento y proceso
260 _c2019
300 _axv, 268 páginas :
_c23 cm.
650 _aGEN
654 _aCCC
942 _cLIB
_dJUS
_fJUS
_2ddc
_n
999 _c13700
_d13700